| 000 | 00801nam a2200217 u 4500 | ||
|---|---|---|---|
| 003 | AM-YeHGA | ||
| 040 | _aAM-YeHGA | ||
| 090 | _c199894 | ||
| 001 | 000533832 | ||
| 005 | 20250618072907.0 | ||
| 008 | 070426s1932 ru r 000 0 arm d | ||
| 041 | 0 | _aarm | |
| 100 | 1 | _aԶաքարյան, Յեր. Ն. | |
| 245 | 1 | 0 |
_aՊայքար ուսման վորակի համար / _cՀ. Կովկասի հայկական դպրոցների ուսուցչության համար. |
| 260 |
_aՌոստով-Դոն : _bՀյուսիսային Կովկաս, _c1932. |
||
| 300 | _aպր. | ||
| 505 | 1 | 0 |
_gՊր. 1 (1932, 80 էջ : աղս.) _gՊր.2 (1935, 112 էջ : աղս.) |
| 650 | 1 | 4 |
_aԿրթական համակարգ _95575 |
| 650 | 1 | 4 |
_aԴաստիարակչական համակարգ _xԴպրոց |
| 942 |
_2udc _cBK |
||
| 999 |
_c198414 _d198414 |
||